000 00401nam a2200157Ia 4500
008 210210b1983 xxu||||| |||| 00| 0 eng d
082 _a657.45 SPIP
100 _aSPICER and PEGLER'S
245 _aPractical auditing. Ed by Ghatalia S V.
250 _a
260 _aNew Delhi.
_bAllied Publishers
_c1983
300 _axxxvi,841
650 _aAuditing
690 _aAuditing
906 _aSG01914
999 _c113467
_d113467